2025-2026 New Orleans Saints Roster - Statistics

General Stats
  • This quiz has been taken 12 times
  • The average score is 25 of 52
Answer Stats
Position Name % Correct
Running Back Alvin Kamara
100%
Wide Receiver Chris Olave
100%
Quarterback Tyler Shough
100%
Tight End Juwan Johnson
89%
Cornerback Kool-Aid McKinstry
89%
Tight End Taysom Hill
89%
Quarterback Spencer Rattler
78%
Offensive Lineman Cesar Ruiz
67%
Defensive Lineman Chase Young
67%
Linebacker Demario Davis
67%
Running Back Devin Neal
67%
Offensive Lineman Erik McCoy
67%
Tight End Foster Moreau
67%
Cornerback Michael Davis
67%
Offensive Lineman Taliese Fuaga
67%
Cornerback Alontae Taylor
56%
Defensive Lineman Bryan Bresee
56%
Defensive Lineman Carl Granderson
56%
Placekicker Charlie Smyth
56%
Wide Receiver Devaughn Vele
56%
Safety Jonas Sanker
56%
Offensive Lineman Kelvin Banks Jr.
56%
Running Back Kendre Miller
56%
Wide Receiver Mason Tipton
56%
Linebacker Pete Werner
56%
Cornerback Quincy Riley
56%
Running Back Audric Estime
44%
Linebacker Danny Stutsman
44%
Defensive Lineman Davon Godchaux
44%
Offensive Lineman Dillon Radunz
44%
Safety Justin Reid
44%
Wide Receiver Dante Pettis
33%
Running Back Evan Hull
33%
Defensive Lineman John Ridgeway III
33%
Safety Julian Blackmon
33%
Offensive Lineman Luke Fortner
33%
Cornerback Rezjohn Wright
33%
Long Snapper Zach Wood
33%
Defensive Lineman Chris Rumph II
22%
Cornerback Isaac Yiadom
22%
Cornerback Jordan Howden
22%
Wide Receiver Kevin Austin Jr.
22%
Defensive Lineman Nathan Shepherd
22%
Safety Terrell Burgess
22%
Wide Receiver Trey Palmer
22%
Defensive Lineman Vernon Broughton
22%
Offensive Lineman Asim Richards
11%
Linebacker Isaiah Stalbird
11%
Defensive Lineman Jonah Williams
11%
Defensive Lineman Khristian Boyd
11%
Offensive Lineman Xavier Truss
11%
Punter Kai Krueger
0%
No matching quizzes found
Score Distribution
Percent of People with Each Score
Percentile by Number Answered
Your Score History
You have not taken this quiz